000 00838nas a2200265 454500
001 10447
005 20260407193504.0
008 260407s2012####ag###########|||spa#d
003 AR-UNSa-BCEJYS
040 _aAR-UNSa-BCEJYS
_bspa
_cAR-UNSa-BCEJYS
080 _a349.2
_xDerecho del Trabajo
245 1 0 _aDerecho del trabajo
022 _a2250-7612
264 1 _aBuenos Aires :
_bMinisterio de Justicia y Derechos Humanos de la Nación
_c2012
310 _aFrecuencia: Cuatrimestral
942 _cSER
590 _aniveau_biblio:s niveau_hierar:1
100 1 _aFera, Mario S.
700 1 _aRecalde, Héctor P.
650 _aTrabajo
650 _aEmpleo
650 _aDerecho del trabajo
650 _aContratación
856 4 1 _uhttps://biblioeco.unsa.edu.ar/pmb/images/revistas/Derecho del Trabajo.jpg
_yImagen de portada
_qimage/jpeg
999 _c8441
_d8441